Glória, a menina que sorria a dormir (Record no. 2026)
[ view plain ]
| 000 -Etiqueta do registo | |
|---|---|
| Valores | 00674nam a2200241 4500 |
| 010 ## - Número ISBN | |
| ISBN | 9789895814480 |
| 021 ## - Número do Depósito Legal | |
| Código do país | Portugal |
| Número | 546850/25 |
| 100 ## - Dados gerais de processamento | |
| Dados gerais | 20260113d2025 c||y0pory50030103ba |
| 101 ## - Língua de publicação | |
| Língua | Português |
| 102 ## - País de publicação | |
| País | Portugal |
| 200 ## - Titulo e menção de responsabilidade | |
| Título próprio | Glória, a menina que sorria a dormir |
| Primeira menção de responsabilidade | Isabel Zambujal, João Espírito Santo |
| 205 ## - Menção da edição | |
| Edição | 1ª edição |
| 210 ## - Publicação | |
| Local de publicação | Alfragide |
| Nome do editor | Oficina do Livro |
| Data de publicação | 2025 |
| 215 ## - Descrição física | |
| Paginação / Volumes | 69 p. |
| Outras indicações físicas | il. |
| Dimensões | 25 cm |
| 300 ## - Notas gerais | |
| Texto da nota | BMB-Registado |
| 606 ## - Nome comum usado como assunto | |
| ID Autoridade | 863 |
| Palavra de ordem | Literatura Infantil |
| 675 ## - CDU | |
| Notação | 087.5 |
| Edição | BMB |
| Língua | por |
| 700 ## - Autor principal (pessoa individual) | |
| Apelido | Zambujal |
| Nome | Isabel |
| Datas | 1965- |
| ID Autoridade | 2900 |
| 701 ## - Co-autor principal (pessoa individual) | |
| ID Autoridade | 2901 |
| Apelido | Espírito Santo |
| Nome | João |
| Função | Ilustrador |
| 801 ## - Fonte de origem | |
| País | PT |
| Agência | BMB |
| Regras de catalogação | RPC |
| 990 ## - Elementos KOHA | |
| Tipo de documento | Livro |
| Situação do levantamento | Estado | Número | Biblioteca de origem | Código de barras | Cota | Permissão de empréstimo | Tipo de documento | Forma de aquisição |
|---|---|---|---|---|---|---|---|---|
| 1 | Biblioteca Municipal de Borba | 1976 | 087.5 ZAM / GLO | Livro | Compra |